000 00628nab a2200193 4500
001 244442
003 OSt
005 20241016082447.0
007 tu
008 200917s2020|||||||
040 _aDE-2950
_cDE-2950
245 0 0 _aJunge Frankfurterin startet durch
_bMusik. Die Sängerin Verena de la Caridad ist bei der Sat-1-Show "The Voice of Germany" in die nächste Runde gekommen/
_ckfb
264 _c2024
653 _aFrankfurt (Oder)
653 _a"The Voice of Germany"
653 _aVerena de la Caridad
773 0 _g35. Jahrgang (2024) Nr. 276 vom 11.10.2024, S. 17 mit Foto
_tMärkische Oderzeitung
942 _2z
_cA
999 _c373415
_d373415